[Event "SR 3. liga A2 2016/2017"]
[Site "?"]
[Date "2016.10.30"]
[Round "2.6"]
[White "Szitasi, Janos"]
[Black "Mihalik, Marek"]
[Result "1/2-1/2"]
[WhiteElo "1981"]
[BlackElo "2045"]
[PlyCount "75"]
[EventDate "2016.??.??"]

1. e4 c5 2. Nf3 d6 3. d4 cxd4 4. Nxd4 Nf6 5. Nc3 a6 6. Be2 e5 7. Nf3 Be7 8. O-O
O-O 9. a4 b6 10. Re1 Qc7 11. Bg5 Nbd7 12. Nd5 Nxd5 13. Qxd5 Bxg5 14. Nxg5 Bb7
15. Qc4 Rac8 16. Qxc7 Rxc7 17. Bd1 d5 18. exd5 Bxd5 19. Ne4 f5 20. Nc3 Bb7 21.
Be2 Nf6 22. Rad1 a5 23. Rd6 Ne4 24. Nxe4 Bxe4 25. Rxb6 Bxc2 26. Rb5 Bxa4 27.
Rxa5 Bc2 28. Rxe5 Rb8 29. Bf3 Be4 30. Bxe4 fxe4 31. R5xe4 Rxb2 32. g3 h6 33. h4
Rcc2 34. Rf4 Rb5 35. Kg2 Ra5 36. Re7 Rc6 37. Rb7 Rg6 38. Rc7 1/2-1/2

[Event "SR 3. liga A2 2016/2017"]
[Site "?"]
[Date "2016.10.30"]
[Round "2.6"]
[White "Manak, Jozef"]
[Black "Vegh, Vince"]
[Result "1-0"]
[WhiteElo "1994"]
[BlackElo "1958"]
[PlyCount "101"]
[EventDate "2016.??.??"]

1. d4 d5 2. Bf4 Nf6 3. e3 Nbd7 4. Nf3 e6 5. Bd3 c6 6. Nbd2 Be7 7. c3 b6 8. Ne5
Nxe5 9. Bxe5 O-O 10. Qf3 a5 11. Qh3 h6 12. g4 Nd7 13. Bg3 c5 14. f4 Ba6 15. Bc2
cxd4 16. exd4 f5 17. gxf5 exf5 18. Bxf5 Nf6 19. Nf3 Bd6 20. Ne5 Bxe5 21. fxe5
Ne4 22. Bxe4 dxe4 23. Rg1 Qg5 24. Bf2 Qf5 25. Qxf5 Rxf5 26. Be3 Rh5 27. Rg2 Rf8
28. Kd2 Bf1 29. Rf2 Bd3 30. Rxf8+ Kxf8 31. Bf4 Rf5 32. Bg3 Kf7 33. d5 g5 34.
Rg1 h5 35. Rg2 h4 36. Rf2 e3+ 37. Kxe3 hxg3 38. Rxf5+ Bxf5 39. hxg3 Bb1 40. a3
Ke7 41. Kd4 b5 42. a4 bxa4 43. c4 Ba2 44. c5 Bb3 45. e6 Kf6 46. c6 Ke7 47. Ke5
Kd8 48. d6 a3 49. bxa3 g4 50. Kf6 Ba4 51. e7+ 1-0

[Event "SR 3. liga A2 2016/2017"]
[Site "?"]
[Date "2016.10.30"]
[Round "2.6"]
[White "Csefalvay, Stefan"]
[Black "Podjavorinsky, Michal"]
[Result "1/2-1/2"]
[WhiteElo "1803"]
[BlackElo "1886"]
[PlyCount "84"]
[EventDate "2016.??.??"]

1. c4 g6 2. Nc3 Bg7 3. g3 Nf6 4. Bg2 O-O 5. e4 e5 6. Nge2 d6 7. O-O Nh5 8. Bf3
Bh3 9. Bg2 Bxg2 10. Kxg2 f5 11. d3 f4 12. Ng1 Nc6 13. g4 Nf6 14. f3 Nd4 15. h3
h5 16. Nce2 Nxe2 17. Qxe2 Nd7 18. Bd2 hxg4 19. fxg4 Bf6 20. Nf3 Kg7 21. b4 Rh8
22. Be1 Nf8 23. Bf2 Ne6 24. Rad1 Qe7 25. Rh1 c5 26. h4 Kf7 27. g5 Bg7 28. Qb2
Qd7 29. Rdg1 b6 30. Kf1 Rab8 31. b5 Bf8 32. Ke2 Be7 33. Rh2 Rh7 34. Rgh1 Rbh8
35. a4 Ng7 36. Qc1 Nh5 37. Qg1 Qc8 38. Rg2 a6 39. Qb1 Qb7 40. Qb2 Ra8 41. Qb3
Rhh8 42. Ra1 a5 1/2-1/2

[Event "SR 3. liga A2 2016/2017"]
[Site "?"]
[Date "2016.10.30"]
[Round "2.6"]
[White "Mihalik, Anton"]
[Black "Feher, Tibor"]
[Result "1/2-1/2"]
[WhiteElo "1939"]
[BlackElo "1810"]
[PlyCount "89"]
[EventDate "2016.??.??"]

1. c4 c6 2. Nc3 d5 3. cxd5 cxd5 4. d4 Nc6 5. g3 Nf6 6. Bg2 e6 7. Nf3 Be7 8. O-O
O-O 9. a3 Bd7 10. b4 Rc8 11. Bb2 a6 12. e3 Na7 13. Rc1 Nb5 14. Ne5 Nxc3 15.
Rxc3 Rxc3 16. Bxc3 Bb5 17. Re1 Nd7 18. a4 Nxe5 19. axb5 Nc4 20. bxa6 bxa6 21.
Qa4 Qb6 22. Ra1 Rc8 23. Be1 Nb2 24. Qb3 Nc4 25. Qa4 Nb2 26. Qb3 Nc4 27. Bf1 g6
28. Qa4 Rc6 29. Rc1 Qb5 30. Qxb5 axb5 31. Ra1 Rb6 32. Kg2 Rb7 33. Kf3 Kg7 34.
Ke2 f5 35. f3 Kf7 36. Kd3 Bg5 37. f4 Be7 38. h3 Bd6 39. g4 Be7 40. Be2 Bd6 41.
g5 Ke7 42. h4 Bb8 43. h5 Ra7 44. Rxa7+ Bxa7 45. h6 1/2-1/2

[Event "SR 3. liga A2 2016/2017"]
[Site "?"]
[Date "2016.10.30"]
[Round "2.6"]
[White "Both, Lajos"]
[Black "Curidlo, Jan"]
[Result "0-1"]
[WhiteElo "1810"]
[BlackElo "1886"]
[PlyCount "106"]
[EventDate "2016.??.??"]

1. c4 c5 2. Nc3 g6 3. g3 Bg7 4. Bg2 Nf6 5. d3 Nc6 6. e4 d6 7. Nge2 O-O 8. O-O
a6 9. h3 Rb8 10. a4 Bd7 11. Be3 Qc8 12. Kh2 Ne5 13. Nf4 e6 14. Nfe2 b6 15. Qd2
Bc6 16. f4 Ned7 17. f5 Ne5 18. fxg6 hxg6 19. Bg5 Ned7 20. Bh6 Nh7 21. Bxg7 Kxg7
22. d4 Qd8 23. d5 exd5 24. exd5 Bb7 25. Ne4 Ne5 26. b3 Qe7 27. Nf4 Bc8 28. Rae1
Bf5 29. Qc3 Rbe8 30. Nd3 f6 31. Nxe5 fxe5 32. Qe3 Rf7 33. h4 Ref8 34. Nxd6 Qxd6
35. Qxe5+ Qxe5 36. Rxe5 Nf6 37. Kg1 Re8 38. Rxe8 Nxe8 39. Re1 Nd6 40. Re3 a5
41. Bf3 Kf8 42. g4 Bd7 43. h5 Re7 44. Rxe7 Kxe7 45. Kf2 Kf6 46. Ke3 gxh5 47.
gxh5 Kg5 48. Bd1 Bf5 49. h6 Kxh6 50. Kf4 Kg6 51. Ke5 Nf7+ 52. Kf4 Kf6 53. Bh5
Bc2 0-1

[Event "SR 3. liga A2 2016/2017"]
[Site "?"]
[Date "2016.10.30"]
[Round "2.6"]
[White "Slaba, Andrea"]
[Black "Sarkozi, Szabolcs"]
[Result "1-0"]
[WhiteElo "1759"]
[BlackElo "1537"]
[PlyCount "75"]
[EventDate "2016.??.??"]

1. Nf3 g6 2. d4 Bg7 3. c4 Nf6 4. g3 O-O 5. Bg2 d5 6. cxd5 Nxd5 7. O-O c6 8. Nc3
Na6 9. Nxd5 cxd5 10. Bf4 b6 11. Qd2 Re8 12. Rac1 Bb7 13. Rc2 Rc8 14. Rxc8 Qxc8
15. Rc1 Qd7 16. Ne5 Qb5 17. Bh3 f6 18. Bd7 Qa5 19. Qxa5 bxa5 20. Bxe8 fxe5 21.
Bxe5 Bxe5 22. dxe5 e6 23. Bd7 Kf7 24. Bc8 Bxc8 25. Rxc8 h6 26. Ra8 Nb4 27.
Rxa7+ Kf8 28. Rxa5 d4 29. Kf1 g5 30. a3 Nc2 31. b4 Ke7 32. b5 Kd8 33. b6 d3 34.
exd3 Nd4 35. Rc5 Nb3 36. b7 Nxc5 37. b8=Q+ Ke7 38. Qd6+ 1-0

[Event "SR 3. liga A2 2016/2017"]
[Site "?"]
[Date "2016.11.13"]
[Round "3.1"]
[White "Cech, Dominik"]
[Black "Spacek, Oliver"]
[Result "1-0"]
[WhiteElo "2174"]
[BlackElo "2081"]
[PlyCount "185"]
[EventDate "2016.??.??"]

1. e4 c5 2. Nf3 e6 3. d4 cxd4 4. Nxd4 a6 5. Bd3 Bc5 6. Nb3 Be7 7. Qg4 g6 8. Qe2
d6 9. a4 b6 10. O-O Nd7 11. c3 Bb7 12. f4 Qc7 13. N1d2 Ngf6 14. Nf3 d5 15. e5
Ne4 16. Be3 O-O 17. Nbd4 Ndc5 18. Bc2 a5 19. Nb5 Qc8 20. Nd2 Nxd2 21. Qxd2 Bc6
22. Nd4 Bd7 23. Rfc1 Qe8 24. b3 f5 25. exf6 Bxf6 26. Nf3 Qb8 27. g3 Ra7 28. Bd4
Bxd4+ 29. Qxd4 Rc7 30. b4 axb4 31. Qxb4 Qa7 32. Nd4 Qa5 33. Rcb1 Ra8 34. Qxb6
Qxc3 35. Qb4 Na6 36. Qxc3 Rxc3 37. Rb2 Rc4 38. Nf3 Nb4 39. Bb3 Rc3 40. Ne5 Nd3
41. Nxd3 Rxd3 42. Bd1 d4 43. a5 Bc6 44. a6 Ra7 45. Rb6 Bd5 46. Bg4 Re3 47. Rab1
h5 48. Rb8+ Kg7 49. R8b7+ Kf6 50. Rxa7 hxg4 51. Rd1 Bc4 52. Ra8 Ra3 53. a7 Bd5
54. Rf8+ Kg7 55. Rd8 Rxa7 56. Rb8 Ra2 57. Rb4 Rg2+ 58. Kf1 Rxh2 59. Rbxd4 Rh1+
60. Kf2 Rh2+ 61. Kf1 Bf3 62. R1d2 Rh3 63. Kf2 Rh2+ 64. Ke3 Rh3 65. Rd7+ Kf6 66.
Rd8 Rxg3 67. Kf2 Rg2+ 68. Ke3 Rg1 69. R2d7 Re1+ 70. Kf2 Re2+ 71. Kf1 Kf5 72.
Rf8+ Ke4 73. Rd6 Ra2 74. Rxe6+ Kd4 75. Rd8+ Kc4 76. Rxg6 Ra1+ 77. Kf2 Ra2+ 78.
Ke1 Ra1+ 79. Kf2 Ra2+ 80. Kg3 Rg2+ 81. Kh4 Rh2+ 82. Kg5 g3 83. Kf6 g2 84. Rdg8
Kd4 85. f5 Be4 86. Rg4 Rh5 87. R8g5 Rh2 88. Kg7 Ke3 89. f6 Rh7+ 90. Kg8 Rd7 91.
f7 Bh7+ 92. Kxh7 Rxf7+ 93. Kg8 1-0

[Event "SR 3. liga A2 2016/2017"]
[Site "?"]
[Date "2016.11.13"]
[Round "3.1"]
[White "Hecko, Dusan"]
[Black "Abel, Peter"]
[Result "1/2-1/2"]
[WhiteElo "2050"]
[BlackElo "2199"]
[PlyCount "79"]
[EventDate "2016.??.??"]

1. c4 Nf6 2. Nc3 c5 3. Nf3 Nc6 4. g3 g6 5. Bg2 d6 6. O-O Bg7 7. d4 cxd4 8. Nxd4
Bd7 9. b3 O-O 10. Bb2 Rc8 11. Nd5 Nxd5 12. Bxd5 Qb6 13. Nxc6 Bxc6 14. Bxg7 Kxg7
15. Qd3 Bxd5 16. Qxd5 a6 17. Rfd1 Rc6 18. Rd3 Qc7 19. Rad1 Rc5 20. Qd4+ Kg8 21.
e4 Rb8 22. Qe3 b5 23. cxb5 Rbxb5 24. Rd4 Kg7 25. Ra4 a5 26. Rdd4 Rc2 27. Rdc4
Rc5 28. Rxc5 Rxc5 29. Qd2 h5 30. h4 f6 31. Kg2 Qb6 32. Qd4 Qc6 33. Rc4 Rxc4 34.
Qxc4 Qb7 35. a3 Qa8 36. b4 axb4 37. axb4 Qa4 38. Qc7 Qxb4 39. Qxe7+ Kg8 40.
Qe8+ 1/2-1/2

[Event "SR 3. liga A2 2016/2017"]
[Site "?"]
[Date "2016.11.13"]
[Round "3.1"]
[White "Nemsak, Denis"]
[Black "Nemeckay, Rastislav"]
[Result "1-0"]
[WhiteElo "2009"]
[BlackElo "2008"]
[PlyCount "85"]
[EventDate "2016.??.??"]

1. f4 f5 2. Nf3 Nf6 3. b3 e6 4. Bb2 b6 5. e3 Bb7 6. Be2 Be7 7. O-O O-O 8. Qe1
Ne8 9. c4 Bf6 10. Nc3 d5 11. Ne5 Nd6 12. Bf3 c6 13. d3 Nd7 14. Ne2 Re8 15. Rc1
Rc8 16. Rc2 Nf7 17. Nxf7 Kxf7 18. Bh5+ g6 19. Bf3 Bxb2 20. Rxb2 Nf6 21. d4 c5
22. Nc1 Ba6 23. dxc5 Rxc5 24. Nd3 Rc7 25. Ne5+ Kg7 26. Be2 dxc4 27. Rd2 Qc8 28.
Bxc4 Bxc4 29. Nxc4 Ne4 30. Qa1+ Kg8 31. Rd4 Rd8 32. Rfd1 Rcd7 33. h3 Rxd4 34.
Rxd4 Rxd4 35. Qxd4 Qc7 36. Kh2 Qe7 37. Ne5 Qd6 38. Qa4 a5 39. Qe8+ Kg7 40. Qf7+
Kh6 41. Qg8 Nf6 42. Nf7+ Kh5 43. Qg7 1-0

[Event "SR 3. liga A2 2016/2017"]
[Site "?"]
[Date "2016.11.13"]
[Round "3.1"]
[White "Pericka, Tomas"]
[Black "Mihalik, Marek"]
[Result "1-0"]
[WhiteElo "1996"]
[BlackElo "2045"]
[PlyCount "61"]
[EventDate "2016.??.??"]

1. e4 c5 2. Nf3 d6 3. Bb5+ Bd7 4. Bxd7+ Qxd7 5. c3 Nc6 6. d4 cxd4 7. cxd4 g6 8.
O-O Bg7 9. Nc3 e6 10. Bf4 a6 11. d5 Ne5 12. Nxe5 dxe5 13. Be3 Ne7 14. Na4 Nc8
15. Nc5 Qe7 16. dxe6 fxe6 17. Qb3 Kf7 18. Rfd1 Nd6 19. Rxd6 Qxd6 20. Rd1 Qc6
21. Rd7+ Kf6 22. Qd1 Qxd7 23. Qxd7 Rhe8 24. h4 h6 25. Qxb7 Rad8 26. Nd7+ Kf7
27. Nxe5+ Kg8 28. Qf7+ Kh8 29. Nxg6+ Kh7 30. Bd4 Rg8 31. Ne7 1-0

[Event "SR 3. liga A2 2016/2017"]
[Site "?"]
[Date "2016.11.13"]
[Round "3.1"]
[White "Podjavorinsky, Michal"]
[Black "Diviak, Rastislav"]
[Result "1-0"]
[WhiteElo "1881"]
[BlackElo "1973"]
[PlyCount "107"]
[EventDate "2016.??.??"]

1. e4 d6 2. Nc3 Nf6 3. d4 g6 4. Bg5 Bg7 5. Qd2 c6 6. Be2 Qa5 7. Bf3 Nbd7 8. Bh6
Bxh6 9. Qxh6 Rb8 10. Nge2 b5 11. O-O b4 12. Nd1 Ba6 13. Ne3 Bxe2 14. Bxe2 Nxe4
15. Bd3 Qg5 16. Qh3 Nef6 17. Rae1 O-O 18. f4 Qh5 19. Qg3 Rbe8 20. f5 Kh8 21.
fxg6 fxg6 22. Rf4 Qh6 23. Ng4 Nxg4 24. Rxg4 Nf6 25. Rh4 Nh5 26. Qh3 Qd2 27. Qe3
Qxe3+ 28. Rxe3 Rf4 29. g4 Kg7 30. Reh3 Nf6 31. g5 Rxh4 32. gxf6+ exf6 33. Rxh4
h5 34. Kf2 a5 35. a3 f5 36. axb4 axb4 37. Rh3 Kf6 38. Rg3 Ra8 39. Rg1 b3 40. c3
Ra2 41. Rb1 d5 42. h4 Ra5 43. Be2 c5 44. dxc5 Rxc5 45. Rd1 Ra5 46. Rd2 Ra4 47.
Kg3 Ke5 48. Bd1 Re4 49. Bxb3 Re3+ 50. Kg2 d4 51. cxd4+ Kf4 52. Bd1 Rg3+ 53. Kh2
g5 54. Rf2+ 1-0

[Event "SR 3. liga A2 2016/2017"]
[Site "?"]
[Date "2016.11.13"]
[Round "3.1"]
[White "Ocko, Martin"]
[Black "Mihalik, Anton"]
[Result "1-0"]
[WhiteElo "1870"]
[BlackElo "1944"]
[PlyCount "77"]
[EventDate "2016.??.??"]

1. c4 Nf6 2. Nc3 e6 3. d4 d5 4. g3 c6 5. cxd5 exd5 6. Bg2 Be7 7. Qc2 Be6 8. Nf3
h6 9. O-O O-O 10. Ne5 Nbd7 11. f4 Nxe5 12. dxe5 Bc5+ 13. e3 Ng4 14. Nxd5 Bxd5
15. Qxc5 Bxg2 16. Kxg2 h5 17. h3 Nh6 18. e4 Re8 19. Be3 Qd3 20. Qd4 Qb5 21. a4
Qa5 22. Qc4 Qc7 23. Rfd1 Re6 24. Rd2 Rd8 25. Rad1 Rxd2+ 26. Rxd2 b6 27. f5 Re8
28. Bf4 Qb7 29. Rd6 c5 30. f6 Nf5 31. Rd5 Nh6 32. fxg7 Kxg7 33. Bxh6+ Kxh6 34.
Qc1+ Kg6 35. h4 Qe7 36. Qf4 Kg7 37. Qf5 Kh6 38. Kf3 Rd8 39. Qg5+ 1-0

[Event "SR 3. liga A2 2016/2017"]
[Site "?"]
[Date "2016.11.13"]
[Round "3.1"]
[White "Manak, Adrian"]
[Black "Danada, Ondrej"]
[Result "0-1"]
[WhiteElo "1948"]
[BlackElo "1889"]
[PlyCount "122"]
[EventDate "2016.??.??"]

1. e4 c6 2. d4 d5 3. Nc3 dxe4 4. Nxe4 Bf5 5. Ng3 Bg6 6. h4 h6 7. Nf3 Nd7 8. h5
Bh7 9. Bd3 Bxd3 10. Qxd3 Qc7 11. Bd2 Ngf6 12. c4 e6 13. O-O-O O-O-O 14. Kb1 c5
15. Bc3 cxd4 16. Bxd4 Bc5 17. Qe2 Bxd4 18. Rxd4 Nb6 19. Rhd1 Rxd4 20. Rxd4 Rd8
21. Rxd8+ Kxd8 22. Ne5 Ke7 23. b3 Nbd7 24. Nxd7 Qxd7 25. Kc2 Qc6 26. f4 b5 27.
Nf5+ Kf8 28. Nd4 Qc5 29. Nxb5 a6 30. Nc3 Qf5+ 31. Kd1 Qxf4 32. Qd2 Qxd2+ 33.
Kxd2 Ke7 34. Na4 Kd6 35. Ke3 Nxh5 36. b4 Kc6 37. Nc5 a5 38. a3 axb4 39. axb4
Ng3 40. Kd4 Nf5+ 41. Ke4 Nd6+ 42. Kd4 e5+ 43. Kxe5 Nxc4+ 44. Kf4 Kd5 45. Ne4
Ke6 46. Nc5+ Kf6 47. Nd7+ Ke6 48. Nc5+ Kd5 49. Ne4 Kc6 50. Nc3 g6 51. g3 f5 52.
g4 fxg4 53. Kxg4 Ne3+ 54. Kf3 Nd5 55. Ne4 Nxb4 56. Kf4 Kd5 57. Nf6+ Ke6 58. Ng8
Nd5+ 59. Kg3 h5 60. Kh4 Ne7 61. Nh6 Nf5+ 0-1

[Event "SR 3. liga A2 2016/2017"]
[Site "?"]
[Date "2016.11.13"]
[Round "3.1"]
[White "Ulehla, Jakub"]
[Black "Slaba, Andrea"]
[Result "0-1"]
[WhiteElo "1588"]
[BlackElo "1755"]
[PlyCount "38"]
[EventDate "2016.??.??"]

1. e4 e6 2. d4 d5 3. Nd2 Nf6 4. e5 Nfd7 5. Bd3 c5 6. c3 b6 7. Ne2 Ba6 8. Bc2
Qc7 9. f4 Nc6 10. Nf3 cxd4 11. cxd4 Nb4 12. Bb1 Bxe2 13. Qxe2 Qxc1+ 14. Qd1
Qxd1+ 15. Kxd1 Be7 16. Kd2 O-O 17. g4 f6 18. a3 Nc6 19. Ba2 fxe5 0-1

[Event "SR 3. liga A2 2016/2017"]
[Site "?"]
[Date "2016.11.13"]
[Round "3.2"]
[White "Jozefek, Michal"]
[Black "Kalmar, Tamas"]
[Result "1-0"]
[WhiteElo "2193"]
[BlackElo "2056"]
[PlyCount "107"]
[EventDate "2016.??.??"]

1. d4 d5 2. c4 c6 3. Nf3 Nf6 4. e3 e6 5. b3 Be7 6. Bd3 Nbd7 7. O-O O-O 8. Bb2
b6 9. Nc3 Bb7 10. Ne5 dxc4 11. bxc4 Nxe5 12. dxe5 Nd7 13. Qc2 Nxe5 14. Bxh7+
Kh8 15. Rfd1 Qc7 16. Bd3 Nxd3 17. Rxd3 Rad8 18. Rad1 Rxd3 19. Rxd3 Rd8 20. e4
Rxd3 21. Qxd3 Qd6 22. Qxd6 Bxd6 23. Na4 Ba6 24. c5 bxc5 25. g3 e5 26. f3 f6 27.
Kf2 Kg8 28. Ke3 g5 29. Bc3 Kf7 30. Ba5 Ke7 31. Nb2 c4 32. Kd2 Bc5 33. Nd1 Bd4
34. Ne3 Ke6 35. Nf5 Bb5 36. Bc3 Bc5 37. Ba5 Bb6 38. Bb4 Ba6 39. Ne3 Bd4 40. Nf5
Bb7 41. Bc3 Bb6 42. Bb4 c5 43. Bc3 g4 44. Ke3 gxf3 45. Kxf3 Bc6 46. Ne3 Bb5 47.
h4 Bd8 48. g4 Bc7 49. Nd5 Bd6 50. h5 Bc6 51. Ne3 Bb5 52. Nf5 Bf8 53. h6 Kf7 54.
h7 1-0

[Event "SR 3. liga A2 2016/2017"]
[Site "?"]
[Date "2016.11.13"]
[Round "3.2"]
[White "Veselsky, Jozef"]
[Black "Stanec, Stanislav"]
[Result "1/2-1/2"]
[WhiteElo "2081"]
[BlackElo "2078"]
[PlyCount "109"]
[EventDate "2016.??.??"]

1. d4 Nf6 2. Nf3 d5 3. c4 e6 4. Nc3 Be7 5. Bg5 O-O 6. e3 Nbd7 7. Bd3 dxc4 8.
Bxc4 c5 9. O-O Nb6 10. Be2 cxd4 11. Qxd4 Qxd4 12. Nxd4 a6 13. Rfd1 h6 14. Bh4
g5 15. Bg3 Bd7 16. Rac1 Rac8 17. Bf3 Nbd5 18. Nxd5 Nxd5 19. Nf5 exf5 20. Bxd5
Rxc1 21. Rxc1 Rc8 22. Rd1 Bc6 23. h3 Rd8 24. Bb3 Rxd1+ 25. Bxd1 Bd5 26. b3 Kg7
27. Kf1 Kf6 28. f3 Bc5 29. Ke2 a5 30. Be1 b6 31. Bc3+ Ke6 32. Bc2 Bd6 33. Bd3
Be5 34. Bd4 a4 35. bxa4 Bxd4 36. exd4 Bxa2 37. Bb5 h5 38. Kd3 Kd5 39. Be8 Ke6
40. g3 Bd5 41. Ke3 Ke7 42. Bb5 f6 43. f4 h4 44. gxh4 gxh4 45. Bd3 Ke6 46. Ba6
Bc6 47. Bc8+ Kd5 48. Bxf5 Bxa4 49. Bb1 Bd7 50. f5 Be8 51. Ba2+ Kd6 52. Kf4 Bh5
53. Bb3 b5 54. Ke3 b4 55. Kf2 1/2-1/2

[Event "SR 3. liga A2 2016/2017"]
[Site "?"]
[Date "2016.11.13"]
[Round "3.2"]
[White "Vepy, Ivan"]
[Black "Meszaros, Lorant"]
[Result "0-1"]
[WhiteElo "1907"]
[BlackElo "2015"]
[PlyCount "96"]
[EventDate "2016.??.??"]

1. e4 e5 2. Bc4 Nf6 3. d3 Be7 4. Nc3 c6 5. a3 d6 6. Nge2 d5 7. exd5 cxd5 8. Ba2
h6 9. O-O O-O 10. Ng3 Bg4 11. Qe1 Nc6 12. h3 Be6 13. Kh1 Qd7 14. Kh2 Bd6 15. f4
exf4 16. Bxf4 Rfe8 17. Qd2 Nh7 18. Rae1 Be7 19. Bxh6 gxh6 20. Qxh6 Bg5 21. Qh5
Kg7 22. h4 Bg4 23. Nf5+ Qxf5 24. Rxf5 Bxh5 25. Rxe8 Rxe8 26. hxg5 d4 27. Ne4
Re5 28. Rf4 Nxg5 29. Nd6 Ne6 30. Rh4 Bg6 31. b4 b5 32. Ne8+ Kf8 33. Nf6 Ke7 34.
Nd5+ Kd6 35. Nf6 a6 36. Bb3 Ke7 37. Nd5+ Kd6 38. Nf6 Ng5 39. Rh8 a5 40. a4 axb4
41. axb5 Rxb5 42. Ne8+ Kc5 43. Nf6 Kb6 44. Bd5 Ne6 45. Bf3 Ncd8 46. Re8 Bxd3
47. cxd3 b3 48. Re7 b2 0-1

[Event "SR 3. liga A2 2016/2017"]
[Site "?"]
[Date "2016.11.13"]
[Round "3.2"]
[White "Csefalvay, Stefan"]
[Black "Harastova, Viera"]
[Result "1/2-1/2"]
[WhiteElo "1811"]
[BlackElo "1871"]
[PlyCount "67"]
[EventDate "2016.??.??"]

1. c4 c5 2. Nf3 Nf6 3. Nc3 e6 4. e4 d5 5. e5 d4 6. exf6 dxc3 7. bxc3 Qxf6 8. d4
h6 9. g3 cxd4 10. Nxd4 Bc5 11. Bg2 e5 12. Nf3 O-O 13. O-O Nc6 14. Qd5 Bb6 15.
Nd2 Be6 16. Qb5 Bf5 17. c5 Ba5 18. Bb2 Rab8 19. Ne4 Qg6 20. Qa4 b5 21. cxb6
Bxb6 22. Ba3 Rfd8 23. Rad1 Rbc8 24. Rd6 Rxd6 25. Nxd6 Bc2 26. Qh4 Bd8 27. Qh3
Rc7 28. Nb5 Bf5 29. g4 Bxg4 30. Qg3 Rc8 31. Nd6 Rc7 32. Nb5 Rc8 33. Nd6 Rc7 34.
Nb5 1/2-1/2

[Event "SR 3. liga A2 2016/2017"]
[Site "?"]
[Date "2016.11.13"]
[Round "3.2"]
[White "Hrubsa, Marian"]
[Black "Feher, Tibor"]
[Result "1-0"]
[WhiteElo "1836"]
[BlackElo "1810"]
[PlyCount "35"]
[EventDate "2016.??.??"]

1. e4 e5 2. Nf3 Nf6 3. Nxe5 d6 4. Nf3 Nxe4 5. d4 d5 6. Bd3 Be7 7. O-O O-O 8.
Re1 Nf6 9. Bg5 Re8 10. c3 Bg4 11. Nbd2 h6 12. Bxf6 Bxf6 13. Qb3 Rxe1+ 14. Rxe1
b6 15. Qxd5 Nd7 16. Qe4 Bxf3 17. Qh7+ Kf8 18. Qh8# 1-0

[Event "SR 3. liga A2 2016/2017"]
[Site "?"]
[Date "2016.11.13"]
[Round "3.2"]
[White "Both, Lajos"]
[Black "Planka, Peter"]
[Result "0-1"]
[WhiteElo "1808"]
[BlackElo "1786"]
[PlyCount "78"]
[EventDate "2016.??.??"]

1. e4 e5 2. Nf3 Nc6 3. Bb5 a6 4. Ba4 Nf6 5. d3 b5 6. Bb3 d6 7. h3 Be7 8. c3 O-O
9. Be3 Na5 10. Bc2 c5 11. Nbd2 Qc7 12. a4 Bd7 13. axb5 axb5 14. O-O Ra7 15. b4
cxb4 16. Bxa7 bxc3 17. Nb3 Qxa7 18. Rxa5 Qb6 19. Qa1 b4 20. Ra6 Qb8 21. Ra7 Re8
22. Re1 h6 23. Nh2 Be6 24. Nf1 Nh5 25. Ne3 Nf4 26. Rd1 Ne2+ 27. Kf1 Nd4 28.
Nxd4 exd4 29. Nd5 Bxd5 30. exd5 b3 31. Re1 bxc2 32. Raxe7 Rxe7 33. Rxe7 Qb2 34.
Re1 Qb5 35. Qc1 Qxd3+ 36. Kg1 Qd2 37. Re8+ Kh7 38. Re1 Qxc1 39. Rxc1 d3 0-1

[Event "SR 3. liga A2 2016/2017"]
[Site "?"]
[Date "2016.11.13"]
[Round "3.2"]
[White "Zlamal, Marek"]
[Black "Sarkozi, Szabolcs"]
[Result "1-0"]
[WhiteElo "1766"]
[BlackElo "1584"]
[PlyCount "141"]
[EventDate "2016.??.??"]

1. d4 Nf6 2. c4 e6 3. Nc3 Bb4 4. Bd2 O-O 5. e3 d5 6. Bd3 c5 7. a3 Bxc3 8. Bxc3
cxd4 9. Bxd4 Nc6 10. Bxf6 Qxf6 11. cxd5 exd5 12. Qc2 h6 13. Ne2 Bg4 14. O-O
Bxe2 15. Qxe2 a6 16. Bc2 Rad8 17. Rad1 Rfe8 18. Qd3 d4 19. e4 Ne5 20. Qg3 Rc8
21. Rc1 Red8 22. Bd3 b5 23. h3 Nc4 24. b4 Nxa3 25. e5 Qe6 26. Ra1 Nc4 27. Qf4
Nxe5 28. Bf5 Qf6 29. Qe4 Rc4 30. Rfe1 d3 31. Qxe5 Qxe5 32. Rxe5 d2 33. Rd1 Rxb4
34. Kf1 a5 35. Ke2 f6 36. Re3 Rb2 37. Bd3 a4 38. Rxd2 Rxd2+ 39. Kxd2 b4 40. Kc2
Rc8+ 41. Kb2 a3+ 42. Kb3 Rc3+ 43. Ka2 Kf7 44. Be4 Rxe3 45. fxe3 Ke6 46. Bb1 Ke5
47. Kb3 a2 48. Kxa2 Kd5 49. Kb3 Ke5 50. Kxb4 f5 51. Kc3 Kf6 52. Kd4 Kg5 53. Ke5
g6 54. Bd3 Kh4 55. Bxf5 gxf5 56. Kxf5 h5 57. e4 Kg3 58. Kg5 Kxg2 59. h4 Kf3 60.
e5 Ke4 61. e6 Kd5 62. e7 Ke6 63. e8=R+ Kf7 64. Re5 Kg7 65. Rf5 Kh7 66. Rf6 Kg7
67. Kf5 Kh7 68. Rg6 Kh8 69. Kf6 Kh7 70. Kf7 Kh8 71. Rh6# 1-0

[Event "SR 3. liga A2 2016/2017"]
[Site "?"]
[Date "2016.11.13"]
[Round "3.2"]
[White "Lelkes, Bela St"]
[Black "Jarabek, Milan"]
[Result "0-1"]
[WhiteElo "1643"]
[BlackElo "1705"]
[PlyCount "84"]
[EventDate "2016.??.??"]

1. e4 c5 2. Nc3 Nc6 3. f4 g6 4. Nf3 Bg7 5. Bc4 e6 6. O-O Nge7 7. a3 O-O 8. Rb1
d5 9. exd5 exd5 10. Ba2 a6 11. Ne2 b5 12. c3 Bf5 13. Ra1 a5 14. d4 c4 15. Bb1
Bxb1 16. Rxb1 b4 17. a4 Qb6 18. Kh1 bxc3 19. Nxc3 Rfd8 20. Be3 Nf5 21. Bf2 Rab8
22. Qd2 Qb3 23. Ne5 Nxe5 24. fxe5 f6 25. g4 Ne7 26. Bh4 g5 27. Bg3 fxe5 28.
Qxg5 Ng6 29. dxe5 d4 30. Ne4 Qb7 31. Kg1 Qxe4 32. Rbe1 Qd5 33. Rf2 Rf8 34.
Rxf8+ Rxf8 35. Qd2 Re8 36. e6 d3 37. Bf2 Rxe6 38. Rxe6 Qxe6 39. h3 Qe2 40. Qxa5
d2 41. Qd8+ Nf8 42. Qd5+ Kh8 0-1

[Event "SR 3. liga A2 2016/2017"]
[Site "?"]
[Date "2016.11.13"]
[Round "3.3"]
[White "Horak, Ivan"]
[Black "Straka, Jozef Ml"]
[Result "0-1"]
[WhiteElo "2046"]
[BlackElo "2276"]
[PlyCount "58"]
[EventDate "2016.??.??"]

1. e4 c5 2. Nf3 Nc6 3. c3 Nf6 4. e5 Nd5 5. d4 cxd4 6. cxd4 d6 7. Nc3 Nxc3 8.
bxc3 dxe5 9. d5 e4 10. Ng5 Ne5 11. Nxe4 g6 12. f4 Nd7 13. Qd4 Rg8 14. Ba3 Qb6
15. Qd3 f5 16. Nd2 Qf6 17. Be2 Bg7 18. Rc1 Kf7 19. O-O Re8 20. Nf3 Kg8 21. Rfd1
Kh8 22. Rd2 b6 23. Nd4 Nc5 24. Bxc5 bxc5 25. Qb5 Bd7 26. Qxd7 cxd4 27. Rxd4 Qb6
28. Kh1 Bxd4 29. cxd4 Qb2 0-1

[Event "SR 3. liga A2 2016/2017"]
[Site "?"]
[Date "2016.11.13"]
[Round "3.3"]
[White "Karas, Marek"]
[Black "Sefcik, Marek St"]
[Result "1-0"]
[WhiteElo "2217"]
[BlackElo "2035"]
[PlyCount "75"]
[EventDate "2016.??.??"]

1. Nf3 Nf6 2. g3 b6 3. Bg2 Bb7 4. d4 e6 5. c4 Bb4+ 6. Bd2 Bxd2+ 7. Qxd2 O-O 8.
O-O d6 9. Nc3 Nbd7 10. d5 a5 11. e4 Ne5 12. Nxe5 dxe5 13. f4 exd5 14. cxd5 Re8
15. Rad1 Ba6 16. Rfe1 Qd6 17. Bf3 Rad8 18. Qe3 Nd7 19. Be2 Bxe2 20. Rxe2 Qc5
21. Kg2 Qxe3 22. Rxe3 Nc5 23. Kf3 Kf8 24. Ree1 Rd7 25. Nb5 f6 26. Na7 g6 27.
Nc6 exf4 28. gxf4 Nb7 29. e5 fxe5 30. fxe5 Rf7+ 31. Ke3 Rf5 32. Rf1 Nd6 33.
Rxf5+ Nxf5+ 34. Kf4 h6 35. d6 cxd6 36. exd6 Ng7 37. d7 Ne6+ 38. Ke5 1-0

[Event "SR 3. liga A2 2016/2017"]
[Site "?"]
[Date "2016.11.13"]
[Round "3.3"]
[White "Chabada, Tomas St"]
[Black "Sosovicka, Juraj"]
[Result "0-1"]
[WhiteElo "1938"]
[BlackElo "2181"]
[PlyCount "58"]
[EventDate "2016.??.??"]

1. e4 b6 2. d4 Bb7 3. Bd3 e6 4. Nh3 Nf6 5. Nd2 c5 6. c3 cxd4 7. cxd4 Nc6 8. e5
Nb4 9. Nf3 Nxd3+ 10. Qxd3 Nd5 11. Bg5 Bb4+ 12. Nd2 Qc8 13. O-O Ba6 14. Qe4 Bxf1
15. Nxf1 h6 16. Rc1 Qa6 17. a3 Bf8 18. Bd2 Rc8 19. Rxc8+ Qxc8 20. f4 Qc6 21.
Qd3 Be7 22. Ng3 O-O 23. f5 f6 24. fxe6 Qxe6 25. Bxh6 fxe5 26. Bd2 exd4 27. Ne4
Ne3 28. Bxe3 dxe3 29. Neg5 Qf5 0-1

[Event "SR 3. liga A2 2016/2017"]
[Site "?"]
[Date "2016.11.13"]
[Round "3.3"]
[White "Pribila, Gerhard"]
[Black "Husek, Lubomir"]
[Result "1-0"]
[WhiteElo "2115"]
[BlackElo "1870"]
[PlyCount "53"]
[EventDate "2016.??.??"]

1. e4 e5 2. Nf3 Nc6 3. d4 exd4 4. Nxd4 Qf6 5. Nxc6 bxc6 6. Bd3 Bc5 7. O-O Ne7
8. Nc3 a5 9. Na4 Bb6 10. Bd2 O-O 11. Nxb6 cxb6 12. Bc3 Qh6 13. e5 Ng6 14. g3
Qh3 15. Qf3 Nh4 16. Qe4 Ng6 17. f4 Ba6 18. Bxa6 Rxa6 19. f5 Ne7 20. Rf4 g6 21.
fxg6 hxg6 22. Raf1 Qe6 23. Rf6 Qd5 24. Qh4 Qc5+ 25. Bd4 Qxc2 26. e6 dxe6 27.
Rxf7 1-0